Bindung im Kindesalter: Diagnostik und Interventionen

Ziel des Buches ist es, die praktische Bedeutung von Bowlbys Bindungstheorie aufzuzeigen. Es erläutert die Grundzüge der Bindungstheorie, bietet einen fundierten Einblick in die verschiedenen diagnostischen Verfahren der Bindungstheorie sowie in die Praxis bindungsgeleiteter Interventionen bei verha...

Descripción completa

Guardado en:  
Detalles Bibliográficos
Otros Autores: Julius, Henri 1958- (Editor) ; Gasteiger-Klicpera, Barbara 1960- (Editor) ; Kißgen, Rüdiger (Editor)
Tipo de documento: Print Libro
Lenguaje:Alemán
Publicado: Göttingen Bern Wien Paris Oxford Prag Toronto Cambridge, MA Amsterdam Kopenhagen Hogrefe [2009]
En:Año: 2009
Acceso en línea: Cover (Publisher)
Índice
Índice
Rezension (Publisher)
Disponibilidad en Tübingen:Disponible en Tübingen.
IFK: N V 274
Verificar disponibilidad: HBZ Gateway
Servicio de pedido Subito: Pedir ahora.
Volúmenes / Artículos:Mostrar volumes / artículos.
Palabras clave:

MARC

LEADER 00000cam a2200000 c 4500
001 1615135251
003 DE-627
005 20260206195953.0
007 tu
008 080714s2009 gw ||||| 00| ||ger c
015 |a 08,N50,0143  |2 dnb 
015 |a 09,A07,0806  |2 dnb 
016 7 |a 991444418  |2 DE-101 
020 |a 9783801716134  |9 978-3-8017-1613-4 
020 |a 3801716139  |c kart. : EUR 29.95, sfr 49.90 (freier Pr.)  |9 3-8017-1613-9 
035 |a (DE-627)1615135251 
035 |a (DE-603)208928359 
035 |a (DE-576)285563629 
035 |a (DE-599)BSZ285563629 
035 |a (OCoLC)254662994 
035 |a (OCoLC)301984124 
035 |a (OCoLC)301984124 
035 |a (DE-478)952446337 
040 |a DE-627  |b ger  |c DE-627  |e rda 
041 |a ger 
044 |c XA-DE-NI  |c XA-CH  |c XA-AT-9  |c XA-FR  |c XA-GB  |c XD-CA  |c XD-US  |c XA-NL  |c XA-DK  |c XA-DE 
082 0 |a 362.7622gerLBOIPS  |q OBV 
082 0 |a 362.76 
082 0 4 |a 360  |a 150 
084 |a 5,3  |2 ssgn 
084 |a CQ 6000  |q BSZ  |2 rvk  |0 (DE-625)rvk/19011: 
084 |a DS 7150  |q BSZ  |2 rvk  |0 (DE-625)rvk/19960: 
084 |a CV 6000  |2 rvk  |0 (DE-625)rvk/19164: 
084 |a CQ 5200  |2 rvk  |0 (DE-625)rvk/19009: 
084 |a ZX 7150  |2 rvk  |0 (DE-625)rvk/158453:14257 
084 |a ZX 7159  |2 rvk  |0 (DE-625)rvk/158453:14256 
084 |a 71.35  |2 bkl 
084 |a 77.53  |2 bkl 
245 0 0 |a Bindung im Kindesalter  |b Diagnostik und Interventionen  |c herausgegeben von Henri Julius, Barbara Gasteiger-Klicpera & Rüdiger Kißgen 
264 1 |a Göttingen  |a Bern  |a Wien  |a Paris  |a Oxford  |a Prag  |a Toronto  |a Cambridge, MA  |a Amsterdam  |a Kopenhagen  |b Hogrefe  |c [2009] 
264 4 |c © 2009 
300 |a 329 Seiten  |b Illustrationen, Diagramme 
336 |a Text  |b txt  |2 rdacontent 
337 |a ohne Hilfsmittel zu benutzen  |b n  |2 rdamedia 
338 |a Band  |b nc  |2 rdacarrier 
500 |a Literaturangaben 
500 |a Enthält 15 Beiträge 
520 |a Ziel des Buches ist es, die praktische Bedeutung von Bowlbys Bindungstheorie aufzuzeigen. Es erläutert die Grundzüge der Bindungstheorie, bietet einen fundierten Einblick in die verschiedenen diagnostischen Verfahren der Bindungstheorie sowie in die Praxis bindungsgeleiteter Interventionen bei verhaltensauffälligen Kindern. Im einleitenden Teil des Bandes gehen die Autoren auf den Zusammenhang zwischen Bindung und familiären Gewalt-, Verlust- und Vernachlässigungserfahrungen ein und erläutern die Konsequenzen unsicherer Bindungsqualität. Im zweiten Teil gibt der Band einen Überblick über die prominentesten diagnostischen Verfahren der Bindungstheorie. Der dritte Schwerpunkt des Buches liegt auf den Interventionen, die sich aus der Bindungstheorie für Risikokinder bzw. für Kinder mit bereits manifesten Verhaltensstörungen ableiten lassen. Fokus dieser Interventionen sind zum einen die Eltern der betroffenen Kinder und zum anderen professionelle Bezugspersonen, die mit diesen Kindern und Jugendlichen arbeiten, insbesondere Lehrer, Erzieher und Sozialpädagogen. Wie sich diese Beziehungen pädagogisch und therapeutisch nutzen lassen, z.B. in Kindertageseinrichtungen, in der schulischen Erziehungshilfe oder im Heim wird ausführlich dargestellt. 
583 1 |a Archivierung/Langzeitarchivierung gewährleistet  |f PENI  |x XA-DE-NI  |2 pdager  |5 DE-35 
650 2 |a Child Development 
650 2 |a Object-attachment 
650 2 |a Parent-child relations 
650 2 |a Child 
650 4 |a Bindung, Intervention, Diagnostik, Barbara, Eltern, Erfahrung 
655 7 |a Aufsatzsammlung  |0 (DE-588)4143413-4  |0 (DE-627)105605727  |0 (DE-576)209726091  |2 gnd-content 
689 0 0 |d s  |0 (DE-588)4030550-8  |0 (DE-627)104360100  |0 (DE-576)208988165  |a Kind  |2 gnd 
689 0 1 |d s  |0 (DE-588)4114607-4  |0 (DE-627)104346760  |0 (DE-576)209486023  |a Missbrauch  |2 gnd 
689 0 2 |d s  |0 (DE-588)4020832-1  |0 (DE-627)10631663X  |0 (DE-576)208934979  |a Gewalt  |2 gnd 
689 0 3 |d s  |0 (DE-588)4016397-0  |0 (DE-627)104427175  |0 (DE-576)208915818  |a Familie  |2 gnd 
689 0 4 |d s  |0 (DE-588)4670427-9  |0 (DE-627)341837938  |0 (DE-576)21488371X  |a Bindungstheorie  |g Psychologie  |2 gnd 
689 0 |5 DE-101 
689 1 0 |d s  |0 (DE-588)4030550-8  |0 (DE-627)104360100  |0 (DE-576)208988165  |a Kind  |2 gnd 
689 1 1 |d s  |0 (DE-588)4141551-6  |0 (DE-627)105619493  |0 (DE-576)209712236  |a Affektive Bindung  |2 gnd 
689 1 2 |d s  |0 (DE-588)4076411-4  |0 (DE-627)10608299X  |0 (DE-576)209201754  |a Psychologische Diagnostik  |2 gnd 
689 1 |5 DE-101 
689 2 0 |d s  |0 (DE-588)4030550-8  |0 (DE-627)104360100  |0 (DE-576)208988165  |a Kind  |2 gnd 
689 2 1 |d s  |0 (DE-588)4114607-4  |0 (DE-627)104346760  |0 (DE-576)209486023  |a Missbrauch  |2 gnd 
689 2 2 |d s  |0 (DE-588)4020832-1  |0 (DE-627)10631663X  |0 (DE-576)208934979  |a Gewalt  |2 gnd 
689 2 3 |d s  |0 (DE-588)4162156-6  |0 (DE-627)105464597  |0 (DE-576)209871466  |a Intervention  |2 gnd 
689 2 4 |d s  |0 (DE-588)4670427-9  |0 (DE-627)341837938  |0 (DE-576)21488371X  |a Bindungstheorie  |g Psychologie  |2 gnd 
689 2 |5 DE-101 
700 1 |a Julius, Henri  |d 1958-  |e HerausgeberIn  |0 (DE-588)121283429  |0 (DE-627)081202725  |0 (DE-576)173307256  |4 edt 
700 1 |a Gasteiger-Klicpera, Barbara  |d 1960-  |e HerausgeberIn  |0 (DE-588)128537493  |0 (DE-627)374216088  |0 (DE-576)170927466  |4 edt 
700 1 |a Kißgen, Rüdiger  |e HerausgeberIn  |0 (DE-588)122065514  |0 (DE-627)633842001  |0 (DE-576)183606094  |4 edt 
776 1 |z 9783840916137  |c PDF 
856 4 2 |u http://www.socialnet.de/rezensionen/isbn.php?isbn=978-3-8017-1613-4  |m V:DE-601  |m B:socialnet.  |q text/html  |v 201307-05  |x Verlag  |y Rezension (socialnet.)  |3 Rezension  |7 1 
856 4 2 |u http://ecx.images-amazon.com/images/I/51-quR1f0zL._SL500_AA300_.jpg  |x Verlag  |y Cover  |3 Cover  |7 1 
856 4 2 |u https://swbplus.bsz-bw.de/bsz285563629inh.htm  |m B:DE-576;DE-Mit1  |q application/pdf  |v 20111207100542  |x Verlag  |3 Inhaltsverzeichnis  |7 1 
856 4 2 |u http://scans.hebis.de/HEBCGI/show.pl?20892835_toc.pdf  |m V:DE-603;B:DE-17  |q application/pdf  |3 Inhaltsverzeichnis  |7 1 
889 |w (DE-627)571744559 
935 |i mdedup 
935 |h HEB  |i 0501 
935 |h HEB  |i 0503 
936 r v |a CQ 6000  |b Kindheit und Jugend  |k Psychologie  |k Entwicklungspsychologie  |k Kindheit und Jugend  |0 (DE-627)1270875655  |0 (DE-625)rvk/19011:  |0 (DE-576)200875655 
936 r v |a DS 7150  |b Intervention in der Jugendhilfe (Erziehungshilfen, Arbeit in Heimen)  |k Pädagogik  |k Sozialpädagogik, Sozialarbeit  |k Berufsfelder  |k Jugendhilfe  |k Intervention in der Jugendhilfe (Erziehungshilfen, Arbeit in Heimen)  |0 (DE-627)1270784420  |0 (DE-625)rvk/19960:  |0 (DE-576)200784420 
936 r v |a CV 6000  |b Sozialisation  |k Psychologie  |k Sozialpsychologie  |k Sozialisation  |0 (DE-627)1271504308  |0 (DE-625)rvk/19164:  |0 (DE-576)201504308 
936 r v |a CQ 5200  |b Entwicklung von Motivation und Gefühl  |k Psychologie  |k Entwicklungspsychologie  |k Entwicklung von Motivation und Gefühl  |0 (DE-627)1271532514  |0 (DE-625)rvk/19009:  |0 (DE-576)201532514 
936 r v |a ZX 7150  |b Allgemeines; Einführungen  |k Sport  |k Sportwissenschaft  |k Sportpsychologie  |k Allgemeines  |k Allgemeines; Einführungen  |0 (DE-627)1396532617  |0 (DE-625)rvk/158453:14257  |0 (DE-576)326532617 
936 r v |a ZX 7159  |b Sonstiges  |k Sport  |k Sportwissenschaft  |k Sportpsychologie  |k Allgemeines  |k Sonstiges  |0 (DE-627)1396533311  |0 (DE-625)rvk/158453:14256  |0 (DE-576)326533311 
936 b k |a 71.35  |j Kindersoziologie  |j Jugendsoziologie  |0 (DE-627)106412698 
936 b k |a 77.53  |j Entwicklungspsychologie: Allgemeines  |0 (DE-627)106413171 
936 s n |a c200  |2 mzub 
936 s n |a d100  |2 mzub 
936 s n |a z300  |2 mzub 
936 s n |a m200  |2 mzub 
951 |a BO 
ELC |b 1 
LOK |0 000 xxxxxcx a22 zn 4500 
LOK |0 001 3189535493 
LOK |0 003 DE-627 
LOK |0 004 1615135251 
LOK |0 005 20090401092719 
LOK |0 008 090401||||||||||||||||ger||||||| 
LOK |0 040   |a DE-21-110  |c DE-627  |d DE-21-110 
LOK |0 541   |e 09/13 
LOK |0 689   |a s  |a Bindung 
LOK |0 689   |a s  |a Kindheit 
LOK |0 689   |a s  |a Psychische Folgen 
LOK |0 689   |a s  |a Diagnostik 
LOK |0 689   |a s  |a Intervention 
LOK |0 852   |a DE-21-110 
LOK |0 852 1  |c N V 274  |m p  |9 00 
LOK |0 935   |a i110 
LOK |0 936ln  |a 8.7.4 
LOK |0 938   |a 0903 
LOK |0 938   |k p 
LOK |0 939   |a 01-04-09  |b l01 
ORI |a SA-MARC-krimdoka001.raw 
SIG |a IFK: N V 274 
SPR |a 1  |t KRI